000 00747nam a2200253Ia 4500
003 OSt
005 20220925220537.0
006 a|||||r|||| 00| 0
007 ta
008 220923b |||||||| |||| 00| 0 eng d
020 _a033586840
037 _cGeneral Book
040 _aRTL
_cRTL
_beng
041 _2eng
_aeng
082 _aX.73.M, N3
100 _aBurstein M L
_9251984
245 0 _aUnderstanding Thomas Jefferson
_b Studies in Economics ,law and philosophy
260 _aLondon
_bMacmillan
_c1993
300 _axxviii,409p.
_ccm.
500 _aBibliography : p 339-58
650 _aUnited States Economic Conditions
_9230667
942 _hX.73.M, N3
_cGB
_2CC
999 _c571772
_d571772